| 000 | 00349nam a2200145Ia 4500 | ||
|---|---|---|---|
| 008 | 191201s2007 xx 000 0 und d | ||
| 082 |
_a658.1554 _bREI |
||
| 100 | _aREILLY, Frank K | ||
| 245 | 0 | _aInvestment Analysis Portfolio Management | |
| 250 | _a7th | ||
| 260 |
_aN.Delhi _bThomson _c2007 |
||
| 300 | _a1162 | ||
| 650 | _aMBA | ||
| 942 |
_2ddc _cBK |
||
| 999 |
_c3102 _d3102 |
||